Top 20 American Universities for Law - Statistics

General Stats
  • This quiz has been taken 143 times
  • The average score is 17 of 23
Answer Stats
Rank State/Territory Answer % Correct
4* MA Harvard University
97%
1* CT Yale University
92%
1* CA Stanford University
88%
13 CA University of California Los Angeles
87%
3 IL University of Chicago
86%
4* PA University of Pennsylvania
86%
8 NY Columbia University
83%
9* NY New York University
81%
4* NC Duke University
78%
9* MI University of Michigan
75%
20* NC University of North Carolina Chapel Hill
75%
4* VA University of Virginia
74%
16* MN University of Minnesota
72%
14* DC Georgetown University
71%
20* GA University of Georgia
70%
9* IL Northwestern University
68%
19 TN Vanderbilt University
67%
14* NY Cornell University
66%
20* IN University of Notre Dame
66%
16* MO Washington University in St. Louis
61%
12 CA University of California Berkeley
60%
20* CA University of Southern California
58%
16* TX University of Texas Austin
49%
No matching quizzes found
Score Distribution
Percent of People with Each Score
Percentile by Number Answered
Your Score History
You have not taken this quiz